| 000 | 00573nam a2200181 a 4500 | ||
|---|---|---|---|
| 001 | 000039236 | ||
| 003 | OSt | ||
| 005 | 20210111123648.0 | ||
| 008 | 130617s2006 dr r 000 0 spa d | ||
| 040 |
_aDO-SdBNP _bspa _cBNPHU |
||
| 082 |
_axxxx _bxxxx |
||
| 245 | 0 | 0 |
_aReglamentos de la ley general de salud. _cley (42-01) |
| 260 |
_aSanto Domingo : _bSecretaría de Estado de Salud Pública y Asistencia Social _bConsejo Nacional de Salud, _c2006. |
||
| 300 |
_a3 v. ; _c22 cm. |
||
| 590 | _aInventariado, 2021 / DG | ||
| 910 | _aInventariado, 2021 / DG | ||
| 942 |
_2ddc _cLBS1 |
||
| 999 |
_c38726 _d38726 |
||